000 00739nam a2200289Ia 4500
005 20260324124217.0
008 008 260324s9999 xx 000 0 eng d
020 _a9780203856406
037 _aEBOOK
040 _aCRL
040 _beng
040 _cCRL
041 _2eng
041 _aeng
084 _qCRL
100 _aIoannis Glinavos
_91165236
245 0 _aNeoliberalism and the Law in Post Communist Transition
245 4 _bThe Evolving Role of Law in Russia’s Transition to Capitalism
260 _bTaylor and Francis
260 _c2010
365 _a
365 _b255
856 _uhttp://www.taylorfrancis.com/books/9780203856406
942 _cEBOOK
999 _c1767469
_d1767469